[Event "Arab Cities-chT"]
[Site "Monastir"]
[Date "2015.11.07"]
[Round "1"]
[White "Chahrani, Ibrahim"]
[Black "Ahmad, Al Khatib"]
[Result "1/2-1/2"]
[WhiteElo "2223"]
[BlackElo "2205"]
[PlyCount "26"]
[EventDate "2015.11.07"]
[EventType "team-tourn"]
[EventRounds "7"]
[EventCountry "TUN"]
[SourceTitle "CBM 170 Extra"]
[Source "ChessBase"]
[SourceDate "2016.02.25"]
[SourceVersion "1"]
[SourceVersionDate "2016.02.25"]
[SourceQuality "1"]
[WhiteTeam "Tripoli"]
[BlackTeam "Amman"]
[WhiteTeamCountry "LBY"]
[BlackTeamCountry "JOR"]

1. d4 Nf6 2. c4 g6 3. Nc3 Bg7 4. Nf3 d6 5. g3 0-0 6. Bg2 Nc6 7. 0-0 Bf5 8. d5 Na5 9. Bd2 c5 10. e4 Bd7 11. Rb1 a6 12. Qc2 b5 13. b3 Qc7 1/2-1/2

[Event "Arab Games"]
[Site "Doha"]
[Date "2011.12.22"]
[Round "9"]
[White "Amin, Bassem"]
[Black "Chahrani, Ibrahim"]
[Result "1-0"]
[WhiteElo "2590"]
[BlackElo "2243"]
[PlyCount "63"]
[EventDate "2011.12.13"]
[EventType "team-swiss"]
[EventRounds "9"]
[EventCountry "QAT"]
[SourceTitle "CBM 145 Extra"]
[Source "ChessBase"]
[SourceDate "2012.01.03"]
[SourceVersion "1"]
[SourceVersionDate "2012.01.03"]
[SourceQuality "1"]
[WhiteTeam "Egypt"]
[BlackTeam "Libya"]
[WhiteTeamCountry "EGY"]
[BlackTeamCountry "LBY"]

1. e4 c5 2. Nf3 d6 3. d4 cxd4 4. Nxd4 Nf6 5. Nc3 a6 6. Bc4 Nbd7 7. f4 e6 8. 0-0 b5 9. Bb3 Bb7 10. f5 e5 11. Nde2 Nc5 12. Ng3 Nfxe4 13. Ngxe4 Nxe4 14. Nd5 Nf6 15. Be3 Nxd5 16. Bxd5 Qc7 17. f6 g6 18. c4 Bxd5 19. cxd5 h5 20. Qd2 h4 21. Rac1 Qd7 22. Rc6 h3 23. g3 Rh5 24. Qc1 e4 25. Rc7 Rxd5 26. Rxd7 Kxd7 27. Qc2 Rd3 28. Rc1 Rxe3 29. Qc6+ Ke6 30. Qxa8 Bh6 31. Qe8+ Kxf6 32. Rf1+ 1-0

[Event "Arab Games rapid"]
[Site "Doha"]
[Date "2011.12.12"]
[Round "6"]
[White "Chahrani, Ibrahim"]
[Black "Mansour, Sameer"]
[Result "1/2-1/2"]
[WhiteElo "2243"]
[BlackElo "2284"]
[PlyCount "137"]
[EventDate "2011.12.11"]
[EventType "swiss (rapid)"]
[EventRounds "9"]
[EventCountry "QAT"]
[SourceTitle "CBM 145 Extra"]
[Source "ChessBase"]
[SourceDate "2012.01.03"]
[SourceVersion "1"]
[SourceVersionDate "2012.01.03"]
[SourceQuality "1"]

1. d4 Nf6 2. c4 Nc6 3. Nf3 e6 4. g3 Bb4+ 5. Bd2 Qe7 6. Bg2 e5 7. dxe5 Nxe5 8. Nxe5 Bxd2+ 9. Qxd2 Qxe5 10. Nc3 0-0 11. 0-0 d6 12. Rfd1 Rb8 13. Qd4 Be6 14. Nd5 Bxd5 15. cxd5 Qxe2 16. Re1 Qb5 17. Re7 Qb6 18. Qxb6 cxb6 19. Rc1 Rfe8 20. Rcc7 Rxe7 21. Rxe7 Kf8 22. Rc7 b5 23. Kf1 g6 24. h3 a5 25. g4 Ne8 26. Rd7 Rc8 27. Rxb7 Rc1+ 28. Ke2 Rc2+ 29. Ke3 Rxb2 30. a3 g5 31. Bf1 b4 32. axb4 axb4 33. Rb8 Ke7 34. Rb7+ Kf6 35. Bb5 Ng7 36. Rd7 Rb3+ 37. Ke4 Ne8 38. Rd8 Nc7 39. Rxd6+ Kg7 40. Bd3 Rc3 41. Rb6 Rc5 42. d6 Ne6 43. d7 Nd8 44. Rb8 Nc6 45. d8Q Nxd8 46. Rxd8 Rc1 47. Rb8 Rh1 48. Rxb4 Rxh3 49. Rb7 h5 50. gxh5 Rxh5 51. Bc4 Rh4+ 52. Kd3 Rf4 53. Rb2 f5 54. Bd5 Kf6 55. Ke3 Ra4 56. Bg2 g4 57. Rb6+ Kg5 58. Rb5 Ra3+ 59. Ke2 Ra2+ 60. Ke3 Ra3+ 61. Ke2 Ra2+ 62. Ke1 Ra1+ 63. Ke2 Ra2+ 64. Ke3 Ra3+ 65. Kd2 Ra2+ 66. Ke3 g3 67. fxg3 Rxg2 68. Kf3 Ra2 69. Rb8 1/2-1/2

[Event "Arab Games rapid"]
[Site "Doha"]
[Date "2011.12.12"]
[Round "7"]
[White "Omar, Abdulrahman"]
[Black "Chahrani, Ibrahim"]
[Result "1-0"]
[WhiteElo "2045"]
[BlackElo "2243"]
[PlyCount "59"]
[EventDate "2011.12.11"]
[EventType "swiss (rapid)"]
[EventRounds "9"]
[EventCountry "QAT"]
[SourceTitle "CBM 145 Extra"]
[Source "ChessBase"]
[SourceDate "2012.01.03"]
[SourceVersion "1"]
[SourceVersionDate "2012.01.03"]
[SourceQuality "1"]

1. c4 c6 2. d4 d5 3. cxd5 cxd5 4. Nf3 Nc6 5. Nc3 Nf6 6. e3 Bf5 7. Bd3 Bxd3 8. Qxd3 e6 9. Bd2 Bd6 10. a3 0-0 11. 0-0 Rc8 12. Rac1 Re8 13. Rfd1 Qe7 14. Be1 h6 15. h3 Nd7 16. e4 dxe4 17. Nxe4 Bf4 18. Bd2 Bxd2 19. Qxd2 Nb6 20. Ne5 Red8 21. Nxc6 bxc6 22. Rc2 e5 23. Qe3 Nd5 24. Qg3 f5 25. Nc5 f4 26. Qf3 exd4 27. Rxd4 Qe1+ 28. Kh2 Re8 29. Nd3 Qe5 30. Nxe5 1-0

[Event "Arab Games rapid"]
[Site "Doha"]
[Date "2011.12.11"]
[Round "3"]
[White "Chahrani, Ibrahim"]
[Black "Al Qudaimi, Basheer"]
[Result "0-1"]
[WhiteElo "2243"]
[BlackElo "2398"]
[PlyCount "55"]
[EventDate "2011.12.11"]
[EventType "swiss (rapid)"]
[EventRounds "9"]
[EventCountry "QAT"]
[SourceTitle "CBM 145 Extra"]
[Source "ChessBase"]
[SourceDate "2012.01.03"]
[SourceVersion "1"]
[SourceVersionDate "2012.01.03"]
[SourceQuality "1"]

1. d4 Nf6 2. c4 e6 3. Nc3 Bb4 4. Qc2 c5 5. dxc5 Nc6 6. Nf3 Bxc5 7. e3 0-0 8. Be2 b6 9. 0-0 Bb7 10. a3 Rc8 11. Rd1 Qc7 12. b4 Be7 13. Bb2 d6 14. Nb5 Qb8 15. Ng5 Ne5 16. f4 Ned7 17. Qd3 h6 18. Nf3 d5 19. Ne5 a6 20. Nxd7 Nxd7 21. cxd5 axb5 22. dxe6 Nf6 23. exf7+ Rxf7 24. Qxb5 Rc2 25. Be5 Qc8 26. Bf1 Qg4 27. e4 Bxe4 28. Be2 0-1

[Event "Olympiad-39"]
[Site "Khanty-Mansiysk"]
[Date "2010.09.29"]
[Round "8.2"]
[White "Joseph, Marcus"]
[Black "Chahrani, Ibrahim"]
[Result "0-1"]
[WhiteElo "2146"]
[BlackElo "2230"]
[PlyCount "82"]
[EventDate "2010.09.21"]
[EventType "team-swiss"]
[EventRounds "11"]
[EventCountry "RUS"]
[SourceTitle "CBM 139"]
[Source "ChessBase"]
[SourceDate "2010.11.18"]
[SourceVersion "1"]
[SourceVersionDate "2010.11.18"]
[SourceQuality "1"]
[WhiteTeam "Trinidad and Tobago"]
[BlackTeam "Libya"]
[WhiteTeamCountry "TRI"]
[BlackTeamCountry "LBY"]

1. e4 d5 2. exd5 Qxd5 3. Nf3 Nf6 4. Be2 Bf5 5. d4 c6 6. c4 Qa5+ 7. Nc3 e6 8. 0-0 Bd6 9. d5 exd5 10. cxd5 Nxd5 11. Bc4 Be6 12. Nxd5 cxd5 13. Ng5 Bxh2+ 14. Kxh2 dxc4 15. Nxe6 fxe6 16. Qg4 Qe5+ 17. Bf4 Qf6 18. Bd6 Nc6 19. Rfe1 Kf7 20. Re3 Qg6 21. Qxc4 Rhe8 22. Rae1 Rad8 23. Rf3+ Kg8 24. Ba3 Qh5+ 25. Rh3 Qf5 26. Rhe3 Rd4 27. Qf1 Rh4+ 28. Kg1 Qh5 29. Rh3 Rxh3 30. gxh3 Ne5 31. Rd1 Nf3+ 32. Kh1 Qe5 33. Bd6 Qxb2 34. Qg2 Qe2 35. Rc1 Rd8 36. Qg4 h5 37. Qg6 Nh4 38. Qg5 Qe4+ 39. f3 Qxf3+ 40. Kh2 Qe2+ 41. Kh1 Qe4+ 0-1

[Event "Olympiad-39"]
[Site "Khanty-Mansiysk"]
[Date "2010.09.27"]
[Round "6.3"]
[White "Can, Emre"]
[Black "Chahrani, Ibrahim"]
[Result "1/2-1/2"]
[WhiteElo "2500"]
[BlackElo "2230"]
[PlyCount "57"]
[EventDate "2010.09.21"]
[EventType "team-swiss"]
[EventRounds "11"]
[EventCountry "RUS"]
[SourceTitle "CBM 139"]
[Source "ChessBase"]
[SourceDate "2010.11.18"]
[SourceVersion "1"]
[SourceVersionDate "2010.11.18"]
[SourceQuality "1"]
[WhiteTeam "Turkey"]
[BlackTeam "Libya"]
[WhiteTeamCountry "TUR"]
[BlackTeamCountry "LBY"]

1. e4 c5 2. c3 Qa5 3. g3 g6 4. Bg2 Bg7 5. Ne2 e5 6. 0-0 Nc6 7. Na3 d6 8. d3 Nge7 9. Be3 0-0 10. d4 cxd4 11. cxd4 exd4 12. Nxd4 Qb4 13. Nxc6 Nxc6 14. Rb1 Be6 15. Bd2 Qb6 16. b3 Qa6 17. Bc1 Nb4 18. Qd2 Nd3 19. Nc4 Bxc4 20. bxc4 Qxc4 21. Ba3 Nc5 22. Qxd6 b6 23. Qd5 Qa4 24. Bxc5 bxc5 25. Rfc1 Rad8 26. Qxc5 Qxa2 27. e5 Rfe8 28. Ra1 Qb2 29. Rcb1 1/2-1/2

[Event "Olympiad-39"]
[Site "Khanty-Mansiysk"]
[Date "2010.09.24"]
[Round "4.3"]
[White "Chahrani, Ibrahim"]
[Black "Mathews, Cesar"]
[Result "1-0"]
[WhiteElo "2230"]
[BlackElo "1960"]
[PlyCount "63"]
[EventDate "2010.09.21"]
[EventType "team-swiss"]
[EventRounds "11"]
[EventCountry "RUS"]
[SourceTitle "CBM 139"]
[Source "ChessBase"]
[SourceDate "2010.11.18"]
[SourceVersion "1"]
[SourceVersionDate "2010.11.18"]
[SourceQuality "1"]
[WhiteTeam "Libya"]
[BlackTeam "Panama"]
[WhiteTeamCountry "LBY"]
[BlackTeamCountry "PAN"]

1. e4 c5 2. Nf3 Nc6 3. g3 e5 4. Bg2 Nf6 5. d3 d6 6. 0-0 Be7 7. Re1 0-0 8. c3 Re8 9. a3 a5 10. a4 b6 11. Na3 h6 12. Nb5 Na7 13. Na3 Nh7 14. d4 Qc7 15. h4 Be6 16. d5 Bd7 17. c4 f5 18. exf5 Bxf5 19. Nc2 Rf8 20. Ne3 Bd7 21. Nh2 Rf7 22. Be4 Raf8 23. Qd3 g5 24. Neg4 gxh4 25. Nxh6+ Kh8 26. Nxf7+ Rxf7 27. Bg6 hxg3 28. Bxf7 gxf2+ 29. Kxf2 Bh4+ 30. Kg1 Bxe1 31. Qg6 Qd8 32. Bh6 1-0

[Event "Olympiad-39"]
[Site "Khanty-Mansiysk"]
[Date "2010.09.22"]
[Round "2.2"]
[White "Belzo, Krzysztof"]
[Black "Chahrani, Ibrahim"]
[Result "0-1"]
[WhiteElo "2007"]
[BlackElo "2230"]
[PlyCount "148"]
[EventDate "2010.09.21"]
[EventType "team-swiss"]
[EventRounds "11"]
[EventCountry "RUS"]
[SourceTitle "CBM 139"]
[Source "ChessBase"]
[SourceDate "2010.11.18"]
[SourceVersion "1"]
[SourceVersionDate "2010.11.18"]
[SourceQuality "1"]
[WhiteTeam "Jersey"]
[BlackTeam "Libya"]
[WhiteTeamCountry "JCI"]
[BlackTeamCountry "LBY"]

1. g3 d5 2. Bg2 c6 3. c4 e6 4. Nf3 f5 5. 0-0 Bd6 6. d4 Nf6 7. Qc2 0-0 8. Ne1 b6 9. Nd3 dxc4 10. Qxc4 Nd5 11. Nd2 Bb7 12. e4 fxe4 13. Nxe4 Be7 14. Bd2 Bf6 15. Nxf6+ Qxf6 16. Be3 Ba6 17. Qb3 Qf5 18. Rfd1 Nd7 19. Rac1 Rac8 20. Nf4 N7f6 21. Qa3 Bb5 22. Qd6 Nxf4 23. Qxf4 Nd5 24. Qxf5 exf5 25. b3 Kh8 26. a4 Ba6 27. Rc2 Nb4 28. Rc3 Bb7 29. a5 Nd5 30. Rc2 Rfe8 31. Bc1 Nb4 32. Rc4 Nd5 33. axb6 axb6 34. Bh3 g6 35. Ba3 Ba6 36. Rc2 Be2 37. Rdc1 Bd3 38. Rd2 Be4 39. Bd6 Kg8 40. Bf1 b5 41. Be2 Nf6 42. b4 Bd5 43. f3 Ra8 44. Kf2 Ra3 45. Bd3 Nd7 46. h4 Nb6 47. Re2 Rxe2+ 48. Bxe2 Ra2 49. Ke1 Bc4 50. Bxc4+ Nxc4 51. Bf4 Rh2 52. Rc3 Kf7 53. Kd1 Ke6 54. Rc2 Rh1+ 55. Ke2 Kd5 56. Be3 Rb1 57. g4 fxg4 58. fxg4 Rxb4 59. h5 Nxe3 60. Kxe3 Rxd4 61. hxg6 hxg6 62. Rxc6 Re4+ 63. Kf3 Kxc6 64. Kxe4 Kc5 65. g5 Kc4 66. Ke5 b4 67. Kf6 b3 68. Kxg6 b2 69. Kf7 b1Q 70. g6 Qf5+ 71. Kg7 Kd5 72. Kh8 Qh5+ 73. Kg7 Ke6 74. Kf8 Qh8# 0-1

[Event "Tripoli op"]
[Site "Tripoli"]
[Date "2010.03.05"]
[Round "8"]
[White "Nader, Mohamed"]
[Black "Chahrani, Ibrahim"]
[Result "1-0"]
[WhiteElo "2041"]
[BlackElo "2258"]
[PlyCount "73"]
[EventDate "2010.02.27"]
[EventType "swiss"]
[EventRounds "9"]
[EventCountry "LBY"]
[SourceTitle "CBM 135 Extra"]
[Source "ChessBase"]
[SourceDate "2010.05.04"]
[SourceVersion "1"]
[SourceVersionDate "2010.05.04"]
[SourceQuality "1"]

1. d4 f5 2. Nf3 Nf6 3. e3 g6 4. c4 Bg7 5. Bd3 0-0 6. Nc3 d6 7. 0-0 Nc6 8. d5 Ne5 9. Nxe5 dxe5 10. e4 f4 11. f3 g5 12. c5 b6 13. b4 Nd7 14. Ba3 Rf6 15. Bc4 Kh8 16. d6 exd6 17. Qd5 Rb8 18. c6 b5 19. cxd7 Bxd7 20. Bb3 a5 21. Qd2 axb4 22. Bxb4 c5 23. Nd5 cxb4 24. Nxf6 Qxf6 25. Qxb4 g4 26. fxg4 Bxg4 27. Bd1 Bd7 28. Be2 d5 29. exd5 Bf8 30. Qc3 Rc8 31. Qf3 Bc5+ 32. Kh1 Bd4 33. Rac1 Rg8 34. Rc7 Rg7 35. Rfc1 Qd6 36. Qh5 Qxd5 37. Rc8+ 1-0

[Event "Africa-ch"]
[Site "Tripoli"]
[Date "2009.07.28"]
[Round "7"]
[White "Solomons, Deon"]
[Black "Chahrani, Ibrahim"]
[Result "1-0"]
[WhiteElo "2210"]
[BlackElo "2280"]
[PlyCount "167"]
[EventDate "2009.07.21"]
[EventType "swiss"]
[EventRounds "9"]
[EventCountry "LBY"]
[SourceTitle "CBM 131 Extra"]
[Source "ChessBase"]
[SourceDate "2009.09.03"]
[SourceVersion "2"]
[SourceVersionDate "2009.09.16"]
[SourceQuality "1"]

1. c4 f5 2. Nc3 Nf6 3. g3 e6 4. Bg2 d5 5. cxd5 exd5 6. d4 c6 7. Nf3 Bd6 8. 0-0 0-0 9. Ne5 Bxe5 10. dxe5 Ng4 11. Qd4 Nd7 12. f4 Qb6 13. e3 Nc5 14. h3 Nh6 15. Na4 Nxa4 16. Qxa4 Be6 17. Kh2 Rfd8 18. Rd1 Qc7 19. Bd2 b6 20. Rac1 c5 21. b4 c4 22. Bc3 Kh8 23. Rd2 Rd7 24. Bf3 Rad8 25. Rcd1 Qb7 26. b5 Qc8 27. Bd4 Nf7 28. Qb4 Rc7 29. Qc3 Qb7 30. a4 a5 31. Rg2 g6 32. g4 Kg8 33. Rdg1 Kf8 34. Qa3+ Ke8 35. Bb2 Kd7 36. Qc3 Kc8 37. Ba3 Kb8 38. Qd4 Ka7 39. Bb2 Qc8 40. Bc3 Kb7 41. gxf5 gxf5 42. Rg7 Nh6 43. R1g5 Rdd7 44. Rxd7 Rxd7 45. Rg1 Ng8 46. Rc1 Ne7 47. Be1 Rc7 48. Bh4 Ng6 49. Bxd5+ Bxd5 50. Qxd5+ Ka7 51. Be1 Nf8 52. Bxa5 Rc5 53. Qd6 bxa5 54. b6+ Kb7 55. Rb1 Qc6 56. Qxf8 Rd5 57. Qg7+ Rd7 58. Qg2 c3 59. Qxc6+ Kxc6 60. Kg3 Rb7 61. Rb3 Rxb6 62. Rxc3+ Kd5 63. Kf3 Rh6 64. Rd3+ Kc5 65. Kg3 Rg6+ 66. Kf2 Rh6 67. Rb3 Rxh3 68. Rb5+ Kc4 69. Rxa5 Rh2+ 70. Kg3 Rh6 71. Ra7 Kd3 72. Rd7+ Kxe3 73. Rd6 Rh1 74. Kg2 Rh4 75. e6 Rg4+ 76. Kh3 Rxf4 77. a5 Rf3+ 78. Kh4 Rf4+ 79. Kg5 Rg4+ 80. Kf6 Re4 81. Kf7 f4 82. e7 f3 83. e8Q Rxe8 84. Kxe8 1-0

[Event "Africa-ch"]
[Site "Tripoli"]
[Date "2009.07.27"]
[Round "6"]
[White "Chahrani, Ibrahim"]
[Black "Oatlhotse, Providence"]
[Result "0-1"]
[WhiteElo "2280"]
[BlackElo "2164"]
[PlyCount "112"]
[EventDate "2009.07.21"]
[EventType "swiss"]
[EventRounds "9"]
[EventCountry "LBY"]
[SourceTitle "CBM 131 Extra"]
[Source "ChessBase"]
[SourceDate "2009.09.03"]
[SourceVersion "2"]
[SourceVersionDate "2009.09.16"]
[SourceQuality "1"]

1. e4 c5 2. Nf3 d6 3. d4 cxd4 4. Qxd4 a6 5. c4 Nc6 6. Qd1 Nf6 7. Nc3 g6 8. h3 Bg7 9. Be3 0-0 10. Be2 Be6 11. 0-0 Rc8 12. Rc1 Qa5 13. Qd2 Rfe8 14. Ng5 Bd7 15. f4 b5 16. a3 b4 17. Nd5 bxa3 18. b4 Nxb4 19. Qxb4 Qxb4 20. Nxb4 h6 21. Nf3 Nxe4 22. Bd4 e5 23. fxe5 dxe5 24. Ba1 Nc5 25. Nd2 Rcd8 26. Nd5 Bc6 27. Bf3 e4 28. Bxg7 Kxg7 29. Be2 e3 30. Nf3 Bxd5 31. cxd5 Rxd5 32. Ra1 Ne6 33. Rxa3 Nf4 34. Re1 a5 35. Kf1 f5 36. Rea1 Nh5 37. Rxa5 Ng3+ 38. Ke1 Rxa5 39. Rxa5 Rb8 40. Ra1 Rb2 41. Nd4 Kf6 42. Rd1 Ne4 43. Bf3 Nf2 44. Ra1 g5 45. Be2 Ke5 46. Nc6+ Kf4 47. Na5 Kg3 48. Nc4 Rb3 49. Bf1 f4 50. Nd6 h5 51. Bc4 Rb2 52. Bd5 Nd3+ 53. Kf1 e2+ 54. Kg1 f3 55. Bxf3 e1Q+ 56. Rxe1 Nxe1 0-1

[Event "Africa-ch"]
[Site "Tripoli"]
[Date "2009.07.25"]
[Round "5"]
[White "Kobese, Watu"]
[Black "Chahrani, Ibrahim"]
[Result "1-0"]
[WhiteElo "2391"]
[BlackElo "2280"]
[PlyCount "85"]
[EventDate "2009.07.21"]
[EventType "swiss"]
[EventRounds "9"]
[EventCountry "LBY"]
[SourceTitle "CBM 131 Extra"]
[Source "ChessBase"]
[SourceDate "2009.09.03"]
[SourceVersion "2"]
[SourceVersionDate "2009.09.16"]
[SourceQuality "1"]

1. e4 d5 2. exd5 Qxd5 3. Nc3 Qd6 4. d4 Nf6 5. Bg5 c6 6. Qd2 Bf5 7. 0-0-0 e6 8. Nf3 Nbd7 9. Nh4 Bg6 10. Nxg6 hxg6 11. Bf4 Qb4 12. a3 Qa5 13. Kb1 Nb6 14. h4 Nfd5 15. Nxd5 Qxd5 16. Bg5 Be7 17. Bxe7 Kxe7 18. Qe3 Rad8 19. Be2 Nc4 20. Qc3 b5 21. Bxc4 bxc4 22. g3 g5 23. Qe3 gxh4 24. Rxh4 Rxh4 25. gxh4 c5 26. c3 f6 27. Rg1 Kf8 28. dxc5 Qd3+ 29. Qxd3 Rxd3 30. Rg4 Rd7 31. Rxc4 e5 32. c6 Rc7 33. b4 Ke7 34. b5 Kd6 35. Kc2 Rc8 36. a4 f5 37. f3 Kc7 38. f4 e4 39. Rc5 g6 40. Rd5 Kb6 41. c4 Ka5 42. Kb3 a6 43. Rd7 1-0

[Event "Africa-ch"]
[Site "Tripoli"]
[Date "2009.07.24"]
[Round "3"]
[White "Chahrani, Ibrahim"]
[Black "Humrana, Mostafa"]
[Result "0-1"]
[WhiteElo "2280"]
[BlackElo "2114"]
[PlyCount "101"]
[EventDate "2009.07.21"]
[EventType "swiss"]
[EventRounds "9"]
[EventCountry "LBY"]
[SourceTitle "CBM 131 Extra"]
[Source "ChessBase"]
[SourceDate "2009.09.03"]
[SourceVersion "2"]
[SourceVersionDate "2009.09.16"]
[SourceQuality "1"]

1. e4 e6 2. Qe2 c5 3. Nf3 Nc6 4. g3 Nf6 5. Bg2 Be7 6. 0-0 0-0 7. c3 a5 8. a4 b6 9. Na3 Ba6 10. Nb5 Rc8 11. d3 Re8 12. h4 d5 13. e5 Nd7 14. Bf4 Nf8 15. h5 g5 16. hxg6 Nxg6 17. Nh2 Nxf4 18. gxf4 Kh8 19. Qh5 Rg8 20. Kh1 Qf8 21. Rg1 Rg6 22. Rae1 Qg7 23. Bh3 Rg8 24. Rxg6 fxg6 25. Qg4 Nd8 26. Nf3 Rf8 27. d4 Qh6 28. Ng5 Bxb5 29. axb5 cxd4 30. cxd4 Rf5 31. Rg1 Bxg5 32. fxg5 Rxg5 33. Qf3 Rf5 34. Qe3 Qh4 35. Rg3 Rf4 36. Rf3 Rxf3 37. Qxf3 Kg7 38. Qc3 Nf7 39. Kg1 Ng5 40. Bg2 Qg4 41. Qc7+ Kh6 42. Qxb6 Nf3+ 43. Kf1 Nh4 44. Qxa5 Qxg2+ 45. Ke2 Qf3+ 46. Kd2 Nf5 47. Kc1 Qxf2 48. b6 Qf1+ 49. Kd2 Nxd4 50. b7 Nb3+ 51. Kc3 0-1

[Event "Olympiad-38"]
[Site "Dresden"]
[Date "2008.11.22"]
[Round "9"]
[White "Chahrani, Ibrahim"]
[Black "Mehmeti, Dritan"]
[Result "0-1"]
[WhiteElo "2314"]
[BlackElo "2403"]
[PlyCount "75"]
[EventDate "2008.11.13"]
[EventType "team-swiss"]
[EventRounds "11"]
[EventCountry "GER"]
[SourceTitle "CBM 128"]
[Source "ChessBase"]
[SourceDate "2009.01.28"]
[SourceVersion "1"]
[SourceVersionDate "2009.01.28"]
[SourceQuality "1"]
[WhiteTeam "Libya"]
[BlackTeam "Albania"]
[WhiteTeamCountry "LBY"]
[BlackTeamCountry "ALB"]

1. e4 c5 2. Nf3 d6 3. d4 cxd4 4. Nxd4 Nf6 5. Nc3 a6 6. a4 e5 7. Nf3 Be7 8. Bg5 Be6 9. Bxf6 Bxf6 10. Nd5 Nc6 11. c3 0-0 12. Be2 Ne7 13. Nxf6+ gxf6 14. 0-0 d5 15. exd5 Nxd5 16. Bd3 Nf4 17. Be4 Qb6 18. Qc2 Bb3 19. Qd2 a5 20. Qe3 Qc7 21. g3 Ng6 22. h4 Kg7 23. h5 Ne7 24. Nh4 h6 25. Nf5+ Nxf5 26. Bxf5 Rad8 27. Qf3 Rd2 28. Qg4+ Kh8 29. Bb1 Rfd8 30. Qf5 Kg7 31. Qh7+ Kf8 32. Qxh6+ Ke7 33. Ba2 Bxa2 34. Rxa2 R8d3 35. Qg7 e4 36. Raa1 Rxf2 37. Kxf2 Rxg3 38. Rg1 0-1

[Event "Olympiad-38"]
[Site "Dresden"]
[Date "2008.11.20"]
[Round "7"]
[White "Gebregziabher, Brehane Gebre Mic"]
[Black "Chahrani, Ibrahim"]
[Result "0-1"]
[WhiteElo "2073"]
[BlackElo "2314"]
[PlyCount "108"]
[EventDate "2008.11.13"]
[EventType "team-swiss"]
[EventRounds "11"]
[EventCountry "GER"]
[SourceTitle "CBM 128"]
[Source "ChessBase"]
[SourceDate "2009.01.28"]
[SourceVersion "1"]
[SourceVersionDate "2009.01.28"]
[SourceQuality "1"]
[WhiteTeam "Ethiopia"]
[BlackTeam "Libya"]
[WhiteTeamCountry "ETH"]
[BlackTeamCountry "LBY"]

1. d4 Nf6 2. c4 g6 3. Nc3 d5 4. Bg5 Ne4 5. Nxe4 dxe4 6. e3 Bg7 7. Qd2 c5 8. Ne2 cxd4 9. exd4 0-0 10. Be3 Nc6 11. d5 Ne5 12. Nc3 f5 13. Be2 Bd7 14. 0-0 Qc7 15. b3 f4 16. Bd4 f3 17. Bd1 fxg2 18. Kxg2 Nf3 19. Bxf3 exf3+ 20. Kh1 Bxd4 21. Qxd4 Rf4 22. d6 Qxd6 23. Qxd6 exd6 24. Nd5 Rf7 25. Rfe1 Re8 26. Rad1 Rxe1+ 27. Rxe1 Kf8 28. Rd1 Bc6 29. Ne3 Re7 30. Kg1 Re6 31. h3 Ke7 32. Kh2 Re5 33. Kg3 Ke6 34. h4 h5 35. Kf4 a6 36. Nc2 Re4+ 37. Kg3 Rg4+ 38. Kh3 Rg2 39. Nd4+ Ke5 40. Nxc6+ bxc6 41. Rd2 d5 42. cxd5 cxd5 43. b4 d4 44. a4 Rg1 45. Ra2 d3 46. b5 axb5 47. a5 Kf4 48. Kh2 Rc1 49. a6 Rc8 50. Rb2 Ra8 51. Rb4+ Ke5 52. Kg3 d2 53. Rxb5+ Ke4 54. Rb1 Rxa6 0-1

[Event "Olympiad-38"]
[Site "Dresden"]
[Date "2008.11.15"]
[Round "3"]
[White "Chahrani, Ibrahim"]
[Black "Mollah Abdullah, Al Rakib"]
[Result "0-1"]
[WhiteElo "2314"]
[BlackElo "2522"]
[PlyCount "64"]
[EventDate "2008.11.13"]
[EventType "team-swiss"]
[EventRounds "11"]
[EventCountry "GER"]
[SourceTitle "CBM 128"]
[Source "ChessBase"]
[SourceDate "2009.01.28"]
[SourceVersion "1"]
[SourceVersionDate "2009.01.28"]
[SourceQuality "1"]
[WhiteTeam "Libya"]
[BlackTeam "Bangladesh"]
[WhiteTeamCountry "LBY"]
[BlackTeamCountry "BAN"]

1. e4 e5 2. Nf3 Nc6 3. Bb5 a6 4. Ba4 Nf6 5. 0-0 Be7 6. Re1 b5 7. Bb3 d6 8. c3 0-0 9. d4 Bg4 10. Be3 exd4 11. cxd4 d5 12. e5 Ne4 13. Nc3 Nxc3 14. bxc3 Qd7 15. h3 Bh5 16. a4 b4 17. g4 Bg6 18. cxb4 Nxb4 19. Bg5 Rab8 20. Re3 Kh8 21. Rc1 Be4 22. Bxe7 Qxe7 23. Ne1 f6 24. exf6 Qxf6 25. f3 Bg6 26. Rxc7 Nc6 27. Rd7 Nxd4 28. Bxd5 Rb1 29. Qd2 Nc2 30. Re6 Qh4 31. Rde7 Nxe1 32. Rxe1 Qxe7 0-1

[Event "Olympiad-38"]
[Site "Dresden"]
[Date "2008.11.14"]
[Round "2"]
[White "Hernandez, Juan Carlos"]
[Black "Chahrani, Ibrahim"]
[Result "0-1"]
[WhiteElo "2015"]
[BlackElo "2314"]
[PlyCount "126"]
[EventDate "2008.11.13"]
[EventType "team-swiss"]
[EventRounds "11"]
[EventCountry "GER"]
[SourceTitle "CBM 128"]
[Source "ChessBase"]
[SourceDate "2009.01.28"]
[SourceVersion "1"]
[SourceVersionDate "2009.01.28"]
[SourceQuality "1"]
[WhiteTeam "Honduras"]
[BlackTeam "Libya"]
[WhiteTeamCountry "HON"]
[BlackTeamCountry "LBY"]

1. d4 d5 2. c4 e6 3. Nf3 c6 4. e3 f5 5. Ne5 Nf6 6. Nd2 Bd6 7. f4 0-0 8. Bd3 c5 9. 0-0 Nc6 10. Nxc6 bxc6 11. Nb3 cxd4 12. c5 Be7 13. exd4 Ne4 14. Qh5 Rb8 15. Bd2 Nxd2 16. Nxd2 Rxb2 17. Nb3 Bf6 18. Kh1 a5 19. Qd1 a4 20. Qc1 a3 21. Qc3 Qe8 22. Rfb1 Rf2 23. Rf1 Rb2 24. Rfb1 Rxb1+ 25. Rxb1 g5 26. Qd2 gxf4 27. Qxf4 e5 28. dxe5 Bxe5 29. Qg5+ Qg6 30. Qxg6+ hxg6 31. Na5 Bd7 32. Rb6 Bd4 33. Nb3 Be5 34. Rb7 Rf7 35. Ra7 Bb2 36. Ra8+ Kg7 37. Rd8 Re7 38. Kg1 Bf6 39. Ra8 Re3 40. Bf1 Kf7 41. Rxa3 Bd4 42. Kh1 Bxc5 43. Nxc5 Rxa3 44. Nxd7 Kg7 45. Ne5 c5 46. Nd3 c4 47. Nb4 c3 48. Bd3 Ra4 49. a3 Rxa3 50. Nc2 Rb3 51. Kg1 Rb1+ 52. Kf2 Rd1 53. Nb4 Rd2+ 54. Kf3 Kf7 55. h3 Ke6 56. g4 Ke5 57. gxf5 gxf5 58. Ke3 f4+ 59. Kf3 Rh2 60. Nc6+ Kd6 61. Nd4 Rxh3+ 62. Ke2 Re3+ 63. Kf2 Rxd3 0-1

[Event "Amman tt"]
[Site "Amman"]
[Date "2008.06.24"]
[Round "5"]
[White "Chahrani, Ibrahim"]
[Black "Al Qudaimi, Basheer"]
[Result "0-1"]
[WhiteElo "2275"]
[BlackElo "2439"]
[PlyCount "48"]
[EventDate "2008.06.21"]
[EventType "team-tourn"]
[EventRounds "8"]
[EventCountry "JOR"]
[SourceTitle "CBM 125 Extra"]
[Source "ChessBase"]
[SourceDate "2008.09.01"]
[SourceVersion "1"]
[SourceVersionDate "2008.09.01"]
[SourceQuality "1"]

1. e4 e5 2. Nf3 Nc6 3. Bb5 a6 4. Ba4 Nf6 5. 0-0 Be7 6. Re1 b5 7. Bb3 0-0 8. d4 d6 9. c3 exd4 10. cxd4 Bg4 11. Be3 Na5 12. Bc2 Nc4 13. Bc1 c5 14. b3 Na5 15. Be3 Nc6 16. Nc3 cxd4 17. Bxd4 Rc8 18. Rc1 Nxd4 19. Qxd4 Bxf3 20. gxf3 Nh5 21. Nd5 Bg5 22. Ne3 Nf4 23. Nf5 Ne6 24. Qxd6 Bxc1 0-1